01139nam a2200241 i 4500001000700000003000900007005001700016008004100033100004100074245013800115260008600253300004700339490004500386530003500431610003900466651004300505700003400548710002800582830004500610852004100655856008900696856011200785157333ES-MaACL20250907063117.0931025s1894 sp a |||| | spa d1 aLázaro, Juan Bautista, d1849-191910aErmita de Santa Cristina en Lena (Oviedo) : breseña de las obras hechas para su restauración / cpor Don Juan Bautista Lázaro. aMadrid : bAntero de Oteyza y Barinaga, c1894 (fImp. y Lit. de los Huérfanos) a33 p., [4] h. de lám. : bil. ; c32 cm.1 aBiblioteca del "Resumen de arquitectura" aDisponible en formato digital.24aErmita de Santa Cristina (La Pola) 4aLa Pola-xEdificios, estructuras, etc.1 aOteyza y Barinaga, Antero de.2 aHauser y Menet (Madrid)1 aBiblioteca del "Resumen de arquitectura"4 aES-MaACLjB-11451 z- Enc. tela4 uhttp://bdh-rd.bne.es/viewer.vm?id=0000213711&page=1 zBiblioteca Digital Hispánica4 uhttps://bibliotecadigital.jcyl.es/es/consulta/registro.do?id=31599zBiblioteca Digital de Castilla y León